000 00642cam a22002293a 4500
001 18274
003 PGUSA
005 20140828083405.0
008 060428s2006||||xxu|||||s|||||000 | eng d
040 _aPGUSA
_beng
042 _adc
050 4 _aQH
245 1 2 _aA Book of Natural History :
_bYoung Folks' Library Volume XIV.
_h[electronic resource]
260 _bProject Gutenberg,
_c2006
506 _aPublic domain in the USA.
516 _aElectronic text
653 _aZoology
700 1 _aJordan, David Starr,
_d1851-1931
830 0 _aProject Gutenberg
_v18274
856 4 0 _uhttp://www.gutenberg.org/ebooks/18274
942 _cEB
999 _c247529
_d247529